ՀՀ Գիտությունների ազգային ակադեմիայի հիմնարար գիտական գրադարան  =   Fundamental Scientific Library of NAS RA

Անդրեյի թռիչքը / (Record no. 143833)

MARC details
000 -LEADER
fixed length control field 00680nam a2200205 a 4500
001 - CONTROL NUMBER
control field 000376374
003 - CONTROL NUMBER IDENTIFIER
control field AM-YeHGA
005 - DATE AND TIME OF LATEST TRANSACTION
control field 20250617132031.0
008 - FIXED-LENGTH DATA ELEMENTS--GENERAL INFORMATION
fixed length control field 041102s1935 ai 000 | arm d
040 ## - CATALOGING SOURCE
Original cataloging agency AM-YeHGA
041 1# - LANGUAGE CODE
Language code of text/sound track or separate title arm
090 ## - LOCALLY ASSIGNED LC-TYPE CALL NUMBER (OCLC); LOCAL CALL NUMBER (RLIN)
-- 145214
100 1# - MAIN ENTRY--PERSONAL NAME
Personal name Յուժին, Դ.
245 10 - TITLE STATEMENT
Title Անդրեյի թռիչքը /
Statement of responsibility, etc. Դ. Յուժին; Թարգմ.՝ Զ. Հովհաննիսյան.
260 ## - PUBLICATION, DISTRIBUTION, ETC.
Place of publication, distribution, etc. Յերեվան :
Name of publisher, distributor, etc. Պետհրատ,
Date of publication, distribution, etc. 1935.
300 ## - PHYSICAL DESCRIPTION
Extent 63 էջ :
Other physical details նկ. ;
Dimensions 20 սմ.
500 ## - GENERAL NOTE
General note Տողատ. ծանոթ.
650 14 - SUBJECT ADDED ENTRY--TOPICAL TERM
Topical term or geographic name entry element Ռուս մանկական գրականություն
General subdivision Վիպակ
700 1# - ADDED ENTRY--PERSONAL NAME
Personal name Հովհաննիսյան, Զ.
Relator term թարգմ.
Relationship trl
Holdings
Withdrawn status Lost status Damaged status Not for loan Collection Home library Current library Date acquired Total checkouts Full call number Barcode Date last seen Cost, replacement price Price effective from Koha item type Public note
        General Fundamental Scientific Library Fundamental Scientific Library 22/12/2016   AII/24371 FL0002030 22/12/2016 6.00 22/12/2016 Գրքեր / Books 30 Days Loan


ՀՀ ԳԱԱ հիմնարար գիտական գրադարան
ՀՀ,Երևան 0019
Մարշալ Բաղրամյան 24/6
հեռախոս:(374-10) 52-47-50
Հետադարձ կապ

All site content, except where otherwise noted, is licensed under a
Creative Commons License